| 000 | 00508nam a2200205Ia 4500 | ||
|---|---|---|---|
| 005 | 20250205031125.0 | ||
| 008 | 240331s9999 xx 000 0 und d | ||
| 082 |
_bGOO _24223 _a305.4 |
||
| 100 | _aGoonatilake, H | ||
| 245 | 0 | _aRegaining Lost Legacy & Women and Global Crisis | |
| 260 |
_aColombo _bKantha Handa Handa/Voice of Women |
||
| 300 | _a75 p., | ||
| 650 | _aWomen | ||
| 650 | _aGlobal | ||
| 650 | _aHistory | ||
| 650 | _aPolitical | ||
| 650 | _aBuddhism | ||
| 650 | _aReligion | ||
| 942 | _cL | ||
| 999 |
_c1696 _d1696 |
||